00402 2200157 4500001002100000008004100021035002000062245004600082260002600128300002500154020001800179084001400197082000800211650001200219990001300231INLIS000000000000002 ind  a0010-0921000002 a27 Cerita Rakyat NusantaracMB. Rahimsyah aSurakartabBringin 55 a128c14,5 cm x 21 cm a9786028644143 a398 RAH c a398 aFolklor aDI. 2115